Norwich City FA Cup Opponents Since 1902 (With Matches) - Statistics

General Stats
  • This quiz has been taken 9 times
  • The average score is 65 of 98
Answer Stats
Team % Correct
Arsenal
100%
Bristol Rovers
100%
Chelsea
100%
Derby County
100%
Ipswich Town
100%
Liverpool
100%
Luton Town
100%
Manchester City
100%
Manchester United
100%
Portsmouth
100%
Southampton
100%
Tottenham Hotspur
100%
West Ham United
100%
Wolverhampton Wanderers
100%
Aston Villa
88%
Blackburn Rovers
88%
Blackpool
88%
Brentford
88%
Brighton & Hove Albion
88%
Bristol City
88%
Burnley
88%
Cambridge United
88%
Carlisle United
88%
Crystal Palace
88%
Doncaster Rovers
88%
Everton
88%
Exeter City
88%
Hull City
88%
Leeds United
88%
Leicester City
88%
Newcastle United
88%
Nottingham Forest
88%
Preston North End
88%
Stoke City
88%
Sunderland
88%
Swansea City
88%
Walsall
88%
Wimbledon
88%
Wycombe Wanderers
88%
Birmingham City
75%
Bolton Wanderers
75%
Bradford City
75%
Cardiff City
75%
Coventry City
75%
Fulham
75%
Grimsby Town
75%
Huddersfield Town
75%
Millwall
75%
Newport County
75%
Scunthorpe United
75%
Sheffield United
75%
Sheffield Wednesday
75%
Swindon Town
75%
West Bromwich Albion
75%
Yeovil Town
75%
York City
75%
Barnsley
63%
Bury
63%
Chesterfield
63%
Leyton Orient
63%
Northampton Town
63%
Notts County
63%
Peterborough United
63%
Port Vale
63%
Queens Park Rangers
63%
Reading
63%
Rochdale
63%
Watford
63%
Wigan Athletic
63%
Wrexham
63%
Charlton Athletic
50%
Darlington
50%
Hartlepool United
50%
Lowestoft Town
50%
Sutton United
50%
Bath City
38%
Dagenham & Redbridge
38%
Gloucester City
38%
Paulton Rovers
38%
Torquay United
38%
Bedford Town
25%
Chatham
25%
Dorchester Town
25%
Hastings & St Leonards United
25%
Merthyr Tydfil
25%
Rhyl
25%
Tamworth
25%
Tonbridge
25%
Tunbridge Wells Rangers
25%
Corinthian
13%
Folkestone
13%
Hastings United
13%
Poole
13%
Redhill
13%
Clapton
0%
Headington United
0%
Ilford
0%
Wellington Town
0%
No matching quizzes found
Score Distribution
Percent of People with Each Score
Percentile by Number Answered
Your Score History
You have not taken this quiz